| 000 | 01311nam a2200241 a 4500 | ||
|---|---|---|---|
| 001 | BRCA_3913 | ||
| 005 | 20190320204455.0 | ||
| 008 | 120110s1946----mx-a######---#000-0#spa-# | ||
| 041 | _aspa | ||
| 044 | _amx | ||
| 050 | 4 |
_aF1234 _b.C37 1946? |
|
| 100 | 1 |
_aCasasola, Agustín Víctor _d1874-1932 _910169 |
|
| 245 | 1 | 0 |
_aHistoria gráfica de la revolución 1900-1940 _bdurante las épocas de: Porfirio Díaz, Francisco León de la Barra, Francisco I. Madero, Victoriano Huerta, Francisco Carbajal, Constitucionalista, La Convención, Venustiano Carranza, Adolfo de la Huerta, Alvaro Obregón, Plutarco Elías Calles, Emilio Portes Gil, Pascual Ortiz Rubio, Abelardo L. Rodríguez, Lázaro Cárdenas, Manuel Avila Camacho. _crecopilación y fotografías por Agustín V. Casasola ; dirigió y terminó Gustavo Casasola. |
| 260 |
_aMéxico _bArchivo Casasola _c[1946] |
||
| 300 |
_a15 cuadernos en 3 v. _bil., retratos _c28 cm. |
||
| 500 | _aEn el cuaderno 1 incluye dedicatoria a Franz Mayer ´Para el señor Franz Mayer dedico este libro con todo cariño y estimación. Miguel Casasola. México febrero 25/46´ | ||
| 500 | _aC62 | ||
| 650 | 1 | 4 |
_aHistoria _y1867-1910 _910080 |
| 651 | 4 |
_aMéxico _xHistoria _yRevolución, 1910-1917 _910170 |
|
| 700 | 1 |
_aCasasola, Gustavo _910171 |
|
| 902 | _aGFM | ||
| 942 |
_2lcc _cB |
||
| 999 |
_c3640 _d3640 |
||